000 00388nam a2200157Ia 4500
008 230524s9999 xx 000 0 und d
082 _bGRO
100 _a"Groover, M"
245 0 _aCAD/ CAM : Computer-Aided Design and Manufacturing
250 _a1
260 _aNew Delhi
_bPearson
500 _aQuantity Number: 61
650 _aMechanics
700 _a"Zimmers, E"
942 _cBK
999 _c52788
_d52788